Vivienda e inmigración : (Registro nro. 232439)
[ vista simple ]
| 000 -CABECERA | |
|---|---|
| campo de control de longitud fija | 01127naa a22002777i 4500 |
| 001 - NÚMERO DE CONTROL | |
| campo de control | 232439 |
| 003 - IDENTIFICADOR DEL NÚMERO DE CONTROL | |
| campo de control | ES-MaBCM |
| 005 - FECHA Y HORA DE LA ÚLTIMA TRANSACCIÓN | |
| campo de control | 20260226142730.0 |
| 008 - CÓDIGOS DE INFORMACIÓN DE LONGITUD FIJA | |
| campo de control de longitud fija | 260223s2024 sp ||||| ||||o00| 0 spa d |
| 040 ## - FUENTE DE LA CATALOGACIÓN | |
| Centro transcriptor | ES-MaBCM |
| 100 1# - PUNTO DE ACCESO PRINCIPAL - NOMBRE DE PERSONA | |
| Nombre de persona | Orozco Martínez, Carolina |
| 9 (RLIN) | 131180 |
| 245 00 - MENCIÓN DE TÍTULO | |
| Título | Vivienda e inmigración : |
| Resto del título | el subarriendo y la vivienda compartida a través de los hogares sin núcleo = Housing and immigration : subletting and shared housing through no family households |
| Mención de responsabilidad etc. | Carolina Orozco-Martínez, Jordi Bayona-i-Carrasco, Fernando Gil-Alonso |
| 500 ## - NOTA GENERAL | |
| Nota general | Contiene gráficos |
| 500 ## - NOTA GENERAL | |
| Nota general | Contiene tablas |
| 504 ## - NOTA DE BIBLIOGRAFÍA, ETC. | |
| Nota de bibliografía etc. | Incluye referencias bibliográficas |
| 504 ## - NOTA DE BIBLIOGRAFÍA, ETC. | |
| Nota de bibliografía etc. | Incluye bibliografía |
| 650 #7 - PUNTO DE ACCESO ADICIONAL DE MATERIA--TÉRMINO DE MATERIA | |
| Término de materia o nombre geográfico como elemento inicial | Arrendamiento inmobiliario |
| 9 (RLIN) | 57602 |
| 650 #0 - PUNTO DE ACCESO ADICIONAL DE MATERIA--TÉRMINO DE MATERIA | |
| Término de materia o nombre geográfico como elemento inicial | Persona desfavorecida |
| 9 (RLIN) | 130757 |
| 650 #0 - PUNTO DE ACCESO ADICIONAL DE MATERIA--TÉRMINO DE MATERIA | |
| Término de materia o nombre geográfico como elemento inicial | Migrante |
| 9 (RLIN) | 125799 |
| 650 #7 - PUNTO DE ACCESO ADICIONAL DE MATERIA--TÉRMINO DE MATERIA | |
| Término de materia o nombre geográfico como elemento inicial | Sociología urbana |
| 9 (RLIN) | 60317 |
| 651 #0 - PUNTO DE ACCESO ADICIONAL DE MATERIA--NOMBRE GEOGRÁFICO | |
| Nombre geográfico | Barcelona |
| 9 (RLIN) | 117207 |
| 700 1# - PUNTO DE ACCESO ADICIONAL--NOMBRE DE PERSONA | |
| Nombre de persona | Bayona, Jordi |
| 9 (RLIN) | 91501 |
| 700 1# - PUNTO DE ACCESO ADICIONAL--NOMBRE DE PERSONA | |
| Nombre de persona | Gil Alonso, Fernando |
| 9 (RLIN) | 84975 |
| 773 0# - ENLACE AL DOCUMENTO FUENTE | |
| Lugar editor y fecha de publicación | Madrid |
| Parte(s) relacionada(s) | N. 221 (otoño 2024), 20 p. - Loc. En línea |
| Título | Ciudad y territorio : estudios territoriales |
| Número de control del registro relacionado | 105070 |
| 942 ## - ELEMENTOS DE PUNTO DE ACCESO ADICIONAL (KOHA) | |
| Fuente del sistema de clasificación o colocación | Universal Decimal Classification |
| Tipo de ítem Koha | Artículos de revistas |
| Estado de retiro | Estado de pérdida | Fuente del sistema de clasificación o colocación | Estado dañado | No para préstamo | Localización permanente | Ubicación/localización actual | Ubicación en estantería | Fecha de adquisición | Total de préstamos | Fecha visto por última vez | Precio válido a partir de | Tipo de ítem Koha |
|---|---|---|---|---|---|---|---|---|---|---|---|---|
| Universal Decimal Classification | Biblioteca Central del Ministerio de la Presidencia | Biblioteca Central del Ministerio de la Presidencia | Sala | 23/02/2026 | 23/02/2026 | 23/02/2026 | Artículos de revistas |
